Ekonomický a inovačný potenciál Turecka pre ekonomiku SR (možnosti a nástroje ich využívania) diplomová práca
Enregistré dans:
| Auteur principal: | |
|---|---|
| Collectivité auteur: | |
| Autres auteurs: | |
| Format: | Livre |
| Langue: | slovaque |
| Publié: |
Bratislava
2015
|
| Tags: |
Pas de tags, Soyez le premier à ajouter un tag!
|
MARC
| LEADER | 00000nbm a2200000 4500 | ||
|---|---|---|---|
| 001 | 0201529 | ||
| 005 | 20161212104658.1 | ||
| 041 | 0 | |a slo | |
| 044 | |a SK | ||
| 245 | 1 | 0 | |a Ekonomický a inovačný potenciál Turecka pre ekonomiku SR (možnosti a nástroje ich využívania) |b diplomová práca |c Tomáš Csörgei ; školiteľ: Viera Ružeková |
| 264 | 1 | |a Bratislava |c 2015 | |
| 300 | |a 86 s. | ||
| 100 | 1 | |a Csörgei, Tomáš | |
| 700 | 1 | |a Ružeková, Viera, 1957- | |
| 710 | 2 | |a Obchodná fakulta EU. Katedra medzinárodného obchodu | |